00581cam a2200157 i 4500020001500000082001500015100002100030245009300051250001400144260004200158300002800200500012900228650002300357650002400380700001900404 a05824466350 a546.65 VOG1 aVogel, Arthur I.10aVogel's Textbook of practical organic chemistry, including qualitative organic analysis. a4th ed. / aLondon ;aNew York :bLongman,c1978. axxxv, 1371 p. :bill. ; aThird ed. published in 1956 under title: A text-book of practical organic chemistry, including qualitative organic analysis. 0aChemistry, Organic 0aChemistry, Analytic1 aFurniss, B. S.